000 00374nam a2200145Ia 4500
008 210210b1978 xxu||||| |||| 00| 0 eng d
082 _a891.4509 BARH
100 _aBARUA (Birinch Kumar).
245 _aHistory of Assamese literature.
260 _aN D
_bSahitya Akademi
_c1978
300 _aiv,203
650 _aAssamese
690 _aIndian Literature
906 _a053835
999 _c101526
_d101526